Hipnózis és szuggesztió a modern lélektan megvilágításában.
Elmentve itt :
| Szerző: | |
|---|---|
| Adatforrás: | Philobibl |
| Dokumentumtípus: | Könyv |
| Nyelv: | magyar |
| Megjelent: |
Bp.
Béta.
1924
|
| Sorozat: | Mindent tudok Könyvtár. 12-15.
|
| LEADER | 00427nam a2200133 c 4500 | ||
|---|---|---|---|
| 001 | bibDOK00027136 | ||
| 005 | 20200924122149.4 | ||
| 008 | 060518s1924 hu hun | ||
| 100 | 1 | |a Pfeifer Zsigmond | |
| 245 | 1 | 0 | |a Hipnózis és szuggesztió a modern lélektan megvilágításában. |c Pfeifer Zsigmond |
| 260 | |a Bp. |b Béta. |c 1924 | ||
| 300 | |a 88 p. p. | ||
| 490 | 1 | |a Mindent tudok Könyvtár. 12-15. | |
| 830 | 0 | |a Mindent tudok Könyvtár. 12-15. | |